书目信息 |
| 题名: |
环境分析
|
|
| 作者: | 阎吉昌 主编 | |
| 分册: | ||
| 出版信息: | 北京 化学工业出版社 2002.5 |
|
| 页数: | 766页 | |
| 开本: | 26cm | |
| 丛书名: | 现代分析测试技术应用丛书 | |
| 单 册: | ||
| 中图分类: | X830.2 | |
| 科图分类: | ||
| 主题词: | 环境监测--huan jing jian ce , 环境监测--huan jing jian ce--分析 | |
| 电子资源: | ||
| ISBN: | 7-5025-3706-6 | |
| 000 | 01160nam0 2200313 450 | |
| 000 | 01189nam0 2200313 450 | |
| 000 | 01152nam0 2200301 450 | |
| 000 | 01135nam0 2200301 450 | |
| 000 | 01098nam 2200289 450 | |
| 001 | CAL 012006006986 | |
| 005 | 20061031150955.31 | |
| 010 | @a7-5025-3706-6@dCNY98.00 | |
| 099 | @aCAL 012006006986 | |
| 100 | @a20060830d2002 em y0chiy0120 ea | |
| 101 | 0 | @achi |
| 102 | @aCN@b110000 | |
| 105 | @aak z 000yy | |
| 200 | 1 | @a环境分析@Ahuan jing fen xi@f阎吉昌主编 |
| 210 | @a北京@c化学工业出版社@d2002.5 | |
| 215 | @a766页@c图@d26cm | |
| 225 | 2 | @a现代分析测试技术应用丛书@Axian dai fen xi ce shi ji shu ying yong cong shu |
| 330 | @a本书共分十章, 包括了现代仪器分析中可应用于环境分析的各种方法和环境样品的前处理技术。在每种方法的叙述中, 都重视理论与实际的结合, 一般包括方法原理、仪器结构、分析技术、分析方法以及它们在环境分析中对各种样品的应用。 | |
| 410 | 0 | @12001 @a现代分析测试技术应用丛书 |
| 606 | 0 | @a环境监测@Ahuan jing jian ce |
| 606 | 0 | @a环境监测@Ahuan jing jian ce@x分析 |
| 690 | @aX830.2@v4 | |
| 701 | 0 | @a阎吉昌@Ayan ji chang@4主编 |
| 801 | 0 | @aCN@c20061031 |
| 905 | @a10447@dX830.2@eY088 | |
| 环境分析/阎吉昌主编.-北京:化学工业出版社,2002.5 |
| 766页:图;26cm.-(现代分析测试技术应用丛书) |
| ISBN 7-5025-3706-6:CNY98.00 |
| 本书共分十章, 包括了现代仪器分析中可应用于环境分析的各种方法和环境样品的前处理技术。在每种方法的叙述中, 都重视理论与实际的结合, 一般包括方法原理、仪器结构、分析技术、分析方法以及它们在环境分析中对各种样品的应用。 |
| ● |
| 相关链接 |
|
|
|
正题名:环境分析
索取号:X830.2/Y088
 
预约/预借
| 序号 | 登录号 | 条形码 | 馆藏地/架位号 | 状态 | 备注 |
| 1 | 630716 | 206307165 | 自科库501/501自科库 116排1列1层/ [索取号:X830.2/Y088] | 在馆 | |
| 2 | 630717 | 206307174 | 自科库501/501自科库 116排1列1层/ [索取号:X830.2/Y088] | 在馆 |